Detalles MARC
| 000 -LÍDER |
| Campo fijo de descripción fija |
01268aam a2200313 i 4500 |
| 001 - NÚMERO DE CONTROL |
| Campo de control |
768717001 |
| 003 - IDENTIFICADOR DEL NÚMERO DE CONTROL |
| Campo de control |
CO-MdFUSB |
| 005 - FECHA Y HORA DE LA ULTIMA TRANSACCIÓN |
| control field |
20200116101930.0 |
| 008 - ELEMENTOS DE LONGITUD FIJA -- INFORMACIÓN GENERAL |
| Campo fijo de descripción fija -- Información general |
200116t1994 ck |||| |||| 00| 0 spa d |
| 020 ## - NÚMERO INTERNACIONAL NORMALIZADO PARA LIBROS |
| Número Internacional Normalizado del libro |
9586551563 |
| 040 ## - FUENTE DE CATALOGACIÓN |
| Idioma de catalogación |
spa. |
| Agencia de catalogación original |
CO-MdFUSB |
| Agencia que realiza la transcripción |
CO-MdFUSB |
| Agencia que realiza la modificación |
CO-MdFUSBC |
| Convenciones de la descripción |
rda |
| 041 ## - CÓDIGO DE IDIOMA |
| Código de idioma para texto/pista de sonido o título separado |
spa |
| 082 04 - NÚMERO DE CLASIFICACIÓN DECIMAL DEWEY |
| Número de clasificación |
23 |
| Número de la edición del Dewey |
G 392.3602 |
| Clave de autor-Numero de item |
G9847g |
| 100 1# - ASIENTO PRINCIPAL--NOMBRE PERSONAL |
| Nombre personal |
Gutiérrez de Pineda, Virginia |
| Término relacionador |
autor |
| 245 10 - TÍTULO |
| Título del Material |
Familias y cultura en Colombia : |
| Parte restante del título - Subtitulo |
Tipologías, funciones y dinámica de la familia. Manifestaciones múltiples a través del mosaico cultura y sus estructuras sociales |
| Mención de responsabilidad, etc. |
/ Virginia Gutiérrez de Pineda |
| 250 ## - MENCIÓN DE EDICIÓN |
| Mención de edición |
3 |
| 264 #1 - PRODUCCIÓN, PUBLICACIÓN, DISTRIBUCIÓN, MANUFACTURA, Y COPYRIGHT |
| Lugar de producción, publicación, distribución, manufactura |
Medellín, Colombia : |
| Nombre del productor, publicador, distribuidor |
Universidad de Antioquia, |
| Fecha de producción, publicación, distribución, manufactura, o copyright |
[1994] |
| 264 #4 - PRODUCCIÓN, PUBLICACIÓN, DISTRIBUCIÓN, MANUFACTURA, Y COPYRIGHT |
| Fecha de producción, publicación, distribución, manufactura, o copyright |
© 1994 |
| 300 ## - DESCRIPCIÓN FÍSICA |
| Extensión |
528 Páginas |
| Dimensiones |
; 22 cm |
| 336 ## - TIPO DE CONTENIDO |
| Término de tipo de contenido |
texto |
| Código de tipo de contenido |
txt |
| Fuente |
rdacontent |
| 337 ## - TIPO DE MEDIO |
| Fuente |
rdamedia |
| Nombre del tipo de medio |
sin mediación |
| Código del tipo de medio |
n |
| 338 ## - TIPO DE SOPORTE |
| Fuente |
rdacarrier |
| Nombre del tipo de soporte |
volumen |
| Código Tipo de soporte |
nc |
| 504 ## - NOTA DE BIBLIOGRAFÍA, ETC. |
| Nota de bibliografía, etc |
Incluye referencias bibliográficas (páginas 513-528) |
| 505 ## - NOTA DE CONTENIDO |
| Nota de contenido con formato preestablecido |
Complejo Cultural andino o americano. -- El complejo cultural santandereano o neo-hispánico. -- Complejo cultural negroide o litoral fluvio minero. -- Complejo cultural antioqueño o de la montaña. |
| 563 ## - NOTA DE ENCUADERNACIÓN |
| Nota de encuadernación |
Rústico |
| 650 #7 - ASIENTO SECUNDARIO DE MATERIA - TERMINO TEMÁTICO |
| Fuente del encabezamiento o término |
sears |
| 9 (RLIN) |
3 |
| Término temático o nombre geográfico como elemento de entrada |
Cultura |
| 942 ## - TIPO DE MATERIAL (KOHA) |
| Tipo de Item KOHA |
Libros General |
| 945 ## - INFORMACIÓN LOCAL DEL REGISTRO |
| Catalogador |
JTF-925 |